000 01760nam a22002177a 4500
999 _c58706
_d58706
003 Ge_BSU
005 20220701124814.0
008 220701s2022 ge ||||| |||| 00| 0 geo d
041 _ageo
080 _a33 ბ-19
100 _aბაკურიძე, სოფიო
_914277
245 _aრეკრეაციული და სამკურნალო ტურიზმის განვითარების შესაძლებლობები ატიპური ეკონომიკური კრიზისის პირობებში (აჭარის ავტონომიური რესპუბლიკის მაგალითზე) :
_bდისერტაცია /
_cსოფიო ბაკურიძე; სამეცნიერო ხელმძღვანელი რეზო მანველიძე; ბსუ. ეკონომიკისა და ბისნესის ფაკულტეტი.
264 _aბათუმი :
_c2022.
300 _a164 გვ.;
_b30 სმ.
504 _aბიბლიოგრ. გვ. 148-164
653 _aრეკრეაციული და სამკურნალო ტურიზმის განვითარების შესაძლებლობები ატიპური ეკონომიკური კრიზისის პირობებში
653 _aდისერტაცია
700 _aმანველიძე, რეზო
_eსამეცნიერო ხელმძღვანელი
_91497
710 _aბსუ.
_bეკონომიკისა და ბისნესის ფაკულტეტი
_914278
942 _2udc
_cDS